000 00388nam a2200145 a 4500
005 20140412111424.0
008 080201s19uu xx 00 eng d
020 _a0-307-10357-9
050 _aER
_bBa23 2003
100 _aGikow, Louise
245 _aBarbie Rules! #3 :
_bNo Teasing allowed! /
_cLouise Gikow.
260 _aU.S.A :
_bMattel,
_c2003.
440 _aBarbie
999 _c106177
_d106177